000 00532nam a2200181Ia 4500
999 _c16882
_d16882
003 OSt
005 20200606120023.0
008 190216s9999||||xx |||||||||||||| ||und||
020 _a9788191006339
040 _cMESKC library
082 _a080
_bPAT/N
100 _aPatak, Krishna Kanth
_9248
245 0 _aNagarathmak Soch Mahanatha Ka Soothre /
_cKrsihna kanth Patak
260 _bHillview Publications,
_c2010.
_aJaipur:
300 _a149p
650 _aHindi
942 _cBK
_2ddc
_h080
_iPAT/N
_k080
_mPAT/N